| 000 | 00842nam a2200253 a 4500 | ||
|---|---|---|---|
| 001 | 000029430 | ||
| 003 | DO-SdBNP | ||
| 005 | 20171107103111.0 | ||
| 007 | 000029430 | ||
| 008 | 110415s2003 dr ac 000 0 spa d | ||
| 040 |
_aBPMSU _bspa _cBPMSU |
||
| 092 |
_axxx _bC748j |
||
| 111 |
_nConferencia de primeras damas _n(12a : _d2003: may. 22 |
||
| 245 | 1 | 0 |
_aJuventud : _buna visión de presente y futuro. |
| 246 | 1 | 3 | _aXII conferencia de primeras damas, esposas y representantes de jefes de Estados y de gobiernos de las Américas |
| 260 |
_aSanto Domingo : _bDespacho de la Primera Dama, _c2003. |
||
| 300 |
_a46 p. : _bretr. ; _c28 cm. |
||
| 930 | 1 |
_l _m _8 _f _p _g _h |
|
| 942 |
_2ddc _cBK |
||
| 945 | _a Inventariado / 2017 VM | ||
| 956 |
_a _b _c _l _h |
||
| 956 |
_a _b _c _l _h |
||
| 956 |
_aVMATEO _b10 _c20150807 _lBPMSU _h00151 |
||
| 999 |
_c7400 _d7400 |
||